| 000 | 00689cab a2200241 4500 | ||
|---|---|---|---|
| 001 | ABS60301 | ||
| 008 | 090401t1999 xxu||||| |||| 00| 0 eng d | ||
| 035 | _a(Sirsi) u92199 | ||
| 041 | _aeng | ||
| 245 | _aLillis v North West Water Ltd | ||
| 260 | _c1999 | ||
| 350 | _a0 | ||
| 490 |
_aRating & Valuation Reporter _v[1999] RVR 39(1), 12-20(9) |
||
| 650 | _aCOMPENSATION | ||
| 650 | _aESTOPPEL | ||
| 650 | _aLILLIS V NORTH WEST WATER LTD | ||
| 650 | _aLIMITATION ACT 1980 S9 | ||
| 650 | _aTIME BARRED | ||
| 650 | _aWATER MAIN | ||
| 690 | _aENVIRONMENTAL AND LAND CONSULTANCY-PLANNING AND DEVELOPMENT-COMPULSORY PURCHASE AND COMPENSATION | ||
| 942 | _n0 | ||
| 948 | _c18/03/1999 | ||
| 999 |
_c58455 _d58455 |
||